| 000 | 00652nam a2200193Ia 4500 | ||
|---|---|---|---|
| 003 | IN-BaIIA | ||
| 008 | 211028s9999 xx 000 0 eng d | ||
| 020 | _a978-2-7598-0506-8 | ||
| 040 | _cIIA Library | ||
| 080 |
_a52:82-92 _bSTE-1 |
||
| 245 | 0 |
_aScientific writing for young astronomers _ba collection of papers on scientific writing, part 1 _cedited by Christiaan Sterken |
|
| 260 |
_aFrance _bEDP Sciences _c2011 |
||
| 300 | _axviii, 162p | ||
| 490 | _aEAS publications series; v. 49 | ||
| 650 |
_aAstronomy-Scientific writing _934743 |
||
| 650 |
_aScientific writing-Astronomy _934744 |
||
| 700 |
_aSterken, Christiaan ed. _917699 |
||
| 942 | _cBK | ||
| 999 |
_c18169 _d18169 |
||